LEADER 01431nam0-22004451i-450 001 990006026760403321 005 20190218141429.0 010 $a88-14-00968-6 035 $a000602676 035 $aFED01000602676 035 $a(Aleph)000602676FED01 035 $a000602676 100 $a20000112d1986----km-y0itay50------ba 101 0 $aita 105 $a--------00-yy 200 1 $a<>finanziamento delle organizzazioni internazionali$econtributo allo studio delle forme della cooperazione intergovernativa$fNicoletta Parisi 210 $aMilano$cGiuffre' Editore$d1986 215 $aXXIII,, 279 p.$d24 cm 225 1 $aIstituto di studi internazionali dell'Universita' Cattolica S. Cuore di Milano 610 0 $aOrganizzazioni internazionali$aFinanziamenti$aDiritto internazionale 676 $a341.2$v19$zita 700 1$aParisi,$bNicoletta$0145369 801 0$aIT$bUNINA$gREICAT$2UNIMARC 901 $aBK 912 $a990006026760403321 952 $aDI VI-154$b5478$fDEC 952 $aX F 290$b1700*$fFGBC 952 $aO 11$bs.i.$fDSS 952 $aDI 5/848$b5029$fDEC 952 $aD V-848$fDEC 952 $aDI VI-154$fDEC 952 $aFondo T. Vassalli di Dachenhausen 124$b3486/2018$fFSPBC 959 $aFSPBC 959 $aDEC 959 $aDSS 959 $aDEC 959 $aDEC 959 $aDEC 996 $aFinanziamento delle organizzazioni internazionali$9580350 997 $aUNINA LEADER 02716nam 22004933a 450 001 9910433222803321 005 20250203232517.0 024 8 $ahttps://doi.org/10.6093/978-88-6887-086-7 035 $a(CKB)4100000011743264 035 $a(oapen)https://directory.doabooks.org/handle/20.500.12854/57587.2 035 $a(ScCtBLL)dff391a5-525d-42f0-adfe-5d7e2d7f9bf2 035 $a(Perlego)2327232 035 $a(EXLCZ)994100000011743264 100 $a20250203i20202021 uu 101 0 $aita 135 $aurmn|---annan 181 $ctxt$2rdacontent 182 $cc$2rdamedia 183 $acr$2rdacarrier 200 00$aRagione, razionalitą e razionalizzazione in etą moderna e contemporanea$fRaffaele Carbone, Maurizio Cambi, Antonio Carrano$hVolume 20 210 1$a[s.l.] :$cFedOA - Federico II University Press,$d2020. 215 $a1 electronic resource (552 p.) 225 1 $aScuola delle Scienze Umane e Sociali. Quaderni 311 08$a9788868870867 311 08$a886887086X 330 $a"Ragione" e "razionalita" sono oggi nozioni problematiche: considerate a lungo, nella storia del pensiero occidentale, come tratti distintivi dell'uomo e della civiltą euro-americana, da un certo punto in poi sono state messe in discussione e lacerate dalla crisi e dal malessere di quest'ultima. Alla luce delle controversie pił recenti e delle riflessioni sul tema sviluppate nella prima metą del Novecento, questo libro si propone di riaprire la querelle sulla ratio con l'intento di mettere in luce - attraverso una serie di "casi di studio" - la grana sottile dei molteplici significati e usi della nozione di ragione, ma anche di interrogarsi sulle differenti "epoche" della ragione provando a ricostruirne la "storia". I saggi contenuti in questo volume, dunque, contestualizzano e analizzano le accezioni e le ambiguitą del termine ratio e dei suoi derivati nel quadro delle molteplici discussioni che ne hanno ritmato la storia a partire dalla prima modernitą, quando il concetto assunse nuove configurazioni rispetto agli usi attestati nel pensiero antico e medioevale, sino al dibattito contemporaneo. 410 $aScuola delle Scienze Umane e Sociali. Quaderni 606 $axxxx$2bicssc 610 $areason 610 $arationality 610 $arationalization 610 $ahistory 610 $amodernity 610 $acontemporary philosophy 615 7$axxxx 702 $aCarbone$b Raffaele 702 $aCambi$b Maurizio 702 $aCarrano$b Antonio 801 0$bScCtBLL 801 1$bScCtBLL 906 $aBOOK 912 $a9910433222803321 996 $aRagione, razionalitą e razionalizzazione in etą moderna e contemporanea$93564679 997 $aUNINA